Willis practice and procedure for the quantity surveyor

Bibliographic Details
Main Author: Asworth, Allan
Other Authors: Hogg, Keith, Wills, Andrew
Format: Book
Published: Meiden : Black Well Science Ltd , 2002
Edition:8th ed.
Subjects:

MARC

LEADER 00000cam a2200000 7i4500
001 0000015814
005 20050920.0
020 |a 0632053348 
040 |a INS 
090 0 0 |a TH435   |b W6853 2001 
100 0 |a Asworth, Allan 
245 1 0 |a Willis practice and procedure for the quantity surveyor   |c Allan Ashworth 
250 |a 8th ed. 
260 |a Meiden :   |b Black Well Science Ltd ,   |c 2002 
300 |a xiv :   |b 360p. ;   |c 25cm. 
650 0 0 |a Building   |x Estimates   |z Great Britain 
700 0 |a Hogg, Keith 
700 0 |a Wills, Andrew 
999 |a 0000015626   |b BOOK   |c Open Shelf   |e Default branch